La solución a la crisis ambiental en la reconstrucción y el desarrollo del país/
Según discusión en la universidad sobre el medio ambiente, se concluye que la crisis ambiental es parte de la crisis económica y social que existe, planteándose que el debate ya no gira en explicarse la crisis sino que es sobre la toma de conciencia; es decir interpretar sus causas y elaborar estrat...
Kaydedildi:
| Müşterek Yazar: | |
|---|---|
| Materyal Türü: | Kitap |
| Dil: | Spanish |
| Konular: | |
| Etiketler: |
Etiketle
Etiket eklenmemiş, İlk siz ekleyin!
|
MARC
| LEADER | 00000nam a22000007a 4500 | ||
|---|---|---|---|
| 003 | cru CIDCACS/IIS | ||
| 005 | 20210420120326.0 | ||
| 007 | ta | ||
| 008 | 170213s1989 cr ||||| |||| 00| 0 spa d | ||
| 040 | |c CRAI/IIS |a CRAI/IIS | ||
| 090 | |a REV0467 (49) | ||
| 110 | |9 2545 |a Universidad de El Salvador |b CUIC | ||
| 245 | 1 | 3 | |a La solución a la crisis ambiental en la reconstrucción y el desarrollo del país/ |c Universidad de El Salvador. CUIC |
| 300 | |a páginas 7-11 | ||
| 500 | |a Colección Centroamérica | ||
| 520 | |a Según discusión en la universidad sobre el medio ambiente, se concluye que la crisis ambiental es parte de la crisis económica y social que existe, planteándose que el debate ya no gira en explicarse la crisis sino que es sobre la toma de conciencia; es decir interpretar sus causas y elaborar estrategias y llevarlas adelante. Elabora también una historia periodizada del desarrollo del modelo social a la par el modelo ambiental. También se destaca la ayuda norteamericana para la guerra y el presupuesto que se destina para esta área. MR/MR | ||
| 650 | 1 | 0 | |9 311 |a UNIVERSIDADES |
| 650 | 1 | 0 | |9 341 |a MEDIO AMBIENTE |
| 650 | 1 | 0 | |9 71 |a DESARROLLO ECONOMICO Y SOCIAL |
| 650 | 1 | 0 | |9 26 |a SOCIEDAD |
| 650 | 1 | 0 | |9 378 |a GUERRA |
| 651 | 4 | |9 1928 |a EL SALVADOR | |
| 651 | 1 | 0 | |9 245 |a ESTADOS UNIDOS |
| 773 | 0 | |0 18875 |9 263 |a Universidad de Costa Rica. |d San José, Costa Rica Universidad de Costa Rica. Consejo Superior Universitario Centroamericano |o MFN0018 |t Estudios Sociales Centroamericanos / |x 03039676 | |
| 942 | |2 ddc |c PP | ||
| 999 | |c 18876 |d 18876 | ||
